| 000 | 00600nam a22001937a 4500 | ||
|---|---|---|---|
| 005 | 20251108170133.0 | ||
| 008 | 250721s1998 xx 000 0 ara d | ||
| 082 | 1 | 4 | _aق/جرا |
| 100 | 1 | _aجراي، السدر | |
| 245 | 1 | 0 |
_aخمس رسائل من إمبراطورية شرقية : _bرواية / |
| 264 | 1 |
_aعمان : _bأزمنة للنشر و التوزيع، _c1998. |
|
| 300 | _a50ص. | ||
| 490 | 0 | _aإبداعات عالمية | |
| 650 | 1 | 7 | _aالروايات |
| 650 | 1 | 7 | _aالأدب المترجم |
| 700 | 1 |
_aنجم، سهيل _eترجمة |
|
| 942 |
_2ddc _cBK |
||
| 999 |
_c40631 _d40631 |
||